MARC

Tag First Indicator Second Indicator Subfields
LEADER 00000cam a2200000 i 4500
001 in00000336140
005 20240530141600.0
008 731019s1973 nyua b 001 0 eng
010 |a  72011669  
016 7 |a 008277702  |2 Uk 
019 |a 814229  |a 2534921  |a 919267572  |a 1225716851 
020 |a 0670103098 
020 |a 9780670103096 
029 1 |a AU@  |b 000000578032 
029 1 |a AU@  |b 000023903164 
029 1 |a DEBBG  |b BV007290075 
029 1 |a NZ1  |b 3750799 
029 1 |a NZ1  |b 10860 
035 |a (OCoLC)ocm00713347  
035 |a (OCoLC)713347  |z (OCoLC)814229  |z (OCoLC)2534921  |z (OCoLC)919267572  |z (OCoLC)1225716851 
035 |a (OCoLC)ocm00713347  
037 |c $10.00 
040 |a DLC  |b eng  |e rda  |c DLC  |d NLGGC  |d LVB  |d CRU  |d CNTRU  |d NIALS  |d DEBBG  |d UKMGB  |d OCLCO  |d OCLCF  |d P4I  |d OCLCQ  |d OCLCO  |d MXL  |d OCL  |d CUT  |d JDP  |d OCLCO  |d NZ1  |d OCL  |d CPO  |d CAOXN  |d OCLCO  |d OCLCA  |d OCLCO  |d OKS  |d OCLCO  |d OCL  |d OCLCO  |d OCLCL 
050 0 0 |a BF611  |b .A86 1973 
082 0 0 |a 153.8 
084 |a 08.36  |2 bcl 
084 |a CP 3000  |2 rvk 
100 1 |a Assagioli, Roberto,  |d 1888-1974.  |1 https://id.oclc.org/worldcat/entity/E39PBJdgVbcqDytvgfkMvc9VYP 
245 1 4 |a The act of will /  |c by Roberto Assagioli. 
264 1 |a New York :  |b Viking Press  |c [1973] 
300 |a x, 278 pages :  |b illustrations ;  |c 21 cm 
336 |a text  |b txt  |2 rdacontent 
337 |a unmediated  |b n  |2 rdamedia 
338 |a volume  |b nc  |2 rdacarrier 
490 1 |a An Esalen book 
504 |a Includes bibliographical references (pages 263-269) and index. 
505 0 |a I. The nature of the will : 1. Introduction -- 2. The existential experience of the will -- 3. The qualities of the will -- 4. The strong will -- 5. The skillful will: psychological laws -- 6. Practical applications of the skillful will -- 7. The good will -- 8. Love and will -- 9. The transpersonal will -- 10. The universal will 
505 0 |a II. The stages of willing : 11. From intention to realization -- 12. Purpose, evaluation, motivation, intention -- 13. Deliberation, choice, and decision -- 14. Affirmation -- 15. Planning and programming -- 16. The direction of the execution 
505 0 |a III. Epilogue -- 17. The joyous will. 
650 0 |a Will. 
650 0 |a Psychosynthesis. 
650 0 |a Self-actualization (Psychology) 
650 1 |a Will. 
650 2 |a Volition 
650 6 |a Volonté. 
650 6 |a Psychosynthèse. 
650 6 |a Actualisation de soi. 
650 7 |a Self-actualization (Psychology)  |2 fast 
650 7 |a Psychosynthesis  |2 fast 
650 7 |a Will  |2 fast 
650 7 |a Existenzielle Psychologie  |2 gnd 
650 7 |a Humanistische Psychologie  |2 gnd 
650 7 |a Willensakt  |2 gnd 
655 7 |a wills.  |2 aat 
655 7 |a Wills  |2 fast 
655 7 |a Wills.  |2 lcgft 
655 7 |a Testaments.  |2 rvmgf 
776 0 8 |i Online version:  |a Assagioli, Roberto, 1888-  |t Act of will.  |d New York, Viking Press [1973]  |w (OCoLC)606115099 
830 0 |a Esalen book. 
948 |h HELD BY TXA - 424 OTHER HOLDINGS 
994 |a Z0  |b TXA 
999 f f |s 48347da7-bec8-3b19-b922-4dab19931b6d  |i 63406ad3-d7fc-3709-a5fc-64d2b0703f16  |t 0 
952 f f |p ric  |a Texas A&M University  |b Rellis Campus  |c Joint Library Facility  |d Remote Storage  |t 0  |e BF611 .A86 1973  |h Library of Congress classification  |i unmediated -- volume  |m A14801686042 
998 f f |a BF611 .A86 1973  |t 0  |l Remote Storage